Sports Quiz

Random Sports Quiz

Complete the Card: Breaking Point 2009 Quiz Stats

 Plays Quiz not verified by Sporcle

Challenge
Share
Tweet
Embed
Score 0/18 Timer 02:00
1 Play Today
Match Type Wrestler % Correct
Match 6 - 'I Quit' Match for the WWE ChampionshipJohn Cena
98.5%
Match 1 - Tag Team Match for the Unified WWE Tag Team ChampionshipBig Show
96.4%
Match 3 - Submissions Count Anywhere MatchTriple H
96.4%
Match 1 - Tag Team Match for the Unified WWE Tag Team ChampionshipChris Jericho
95.4%
Match 3 - Submissions Count Anywhere MatchShawn Michaels
94.3%
Match 7 - Submission Match for the World Heavyweight ChampionshipThe Undertaker
94.3%
Match 6 - 'I Quit' Match for the WWE ChampionshipRandy Orton
93.8%
Match 7 - Submission Match for the World Heavyweight ChampionshipCM Punk
93.3%
Match 3 - Submissions Count Anywhere MatchCody Rhodes
91.2%
Match Type Wrestler % Correct
Match 5 - Singles Match for the ECW ChampionshipChristian
90.7%
Match 3 - Submissions Count Anywhere MatchTed DiBiase
89.7%
Match 4 - Singapore Cane MatchKane
88.1%
Match 1 - Tag Team Match for the Unified WWE Tag Team ChampionshipMontel Vontavious Porter
87.6%
Match 2 - Singles Match for the WWE United States ChampionshipThe Miz
85.1%
Match 1 - Tag Team Match for the Unified WWE Tag Team ChampionshipMark Henry
84.5%
Match 2 - Singles Match for the WWE United States ChampionshipKofi Kingston
81.4%
Match 4 - Singapore Cane MatchThe Great Khali
81.4%
Match 5 - Singles Match for the ECW ChampionshipWilliam Regal
78.4%

You're not logged in!

Compare scores with friends on all Sporcle quizzes.
OR
Log In

You Might Also Like...

Show Comments

Extras

Top Quizzes Today


Score Distribution

Your Account Isn't Verified!

In order to create a playlist on Sporcle, you need to verify the email address you used during registration. Go to your Sporcle Settings to finish the process.

Report this User

Report this user for behavior that violates our Community Guidelines.

Details: